00362nam a22001217a 450000500170000000800410001708200130005810000130007124500420008426000560012630000320018265000260021420240610145350.0240610b |||||||| |||| 00| 0 eng d a349 LAW  lEnglish  aThe All England Law Reports: Reprint  aLondon: bButterworth and Co. Publishers Ltd,c1950 bxlii, 1108 pages; c25 cm.  aLegal practice bLaw